| 000 | 00560nam a2200193 a 4500 | ||
|---|---|---|---|
| 005 | 20140310183400.0 | ||
| 008 | 130126s19uu xx 00 eng d | ||
| 020 | _a9780761948575 | ||
| 050 |
_aHM 263 _b.P96m 2011 |
||
| 100 | _aMoss, Danny | ||
| 245 |
_aPublic relations : _ba managerial perspective / _cby Barbara DeSanto, Danny Moss. |
||
| 260 |
_aLondon, UK : _bSAGE, _c2011. |
||
| 300 |
_axvii, 494 p. : _c23 cm. |
||
| 521 | _aBSBA | ||
| 650 |
_aPublic relations _xManagement |
||
| 700 | _aDeSanto, Barbara | ||
| 942 |
_cBK _2lcc _kFOR |
||
| 999 |
_c22301 _d22301 |
||